Biblioteka Instytutu Północnego w Olsztynie

Widok standardowy Widok MARC

Pozycja Personal Name

Liczba rekordów, w których użyto hasła: 1

001 - Numer kontrolny

  • control field: 38871

003 - Identyfikator numeru kontrolnego

  • control field: NUKAT

005 - Data i czas ostatniej modyfikacji

  • control field: 20260324102530.0

008 - Dane kontrolne kodowane (40 znaków)

  • fixed length control field: 161011n||a|znnaabn |a aaa |c

010 ## - Numer kontrolny Biblioteki Kongresu

  • numer kontrolny LC: n 2016251204

024 7# - OTHER STANDARD IDENTIFIER

  • Standard number or code: 336147905356379092712
  • Source of number or code: viaf

040 ## - Instytucja sporządzająca rekord

  • inst. przygot. dane do rek. khw: KR U/AgP
  • język haseł przedmiotowych/tezaurus: kaba
  • inst. wprow. rek. khw: KR U/AgP
  • inst. modyf. rek. khw: OLSZT 008/AL

043 ## - Kod obszaru geograficznego

  • ISO code: PL

046 ## - Special dates

  • Birth date: 1922
  • Death date: 2000

100 1# - Hasło - nazwa osobowa

  • nazwa osobowa w formie ujednoliconej: Napiórkowski, Piotr
  • daty biograficzne: (1922-2000).

370 ## - Associated place

  • Place of birth: Ostrołęka (woj. mazowieckie ; okolice)

370 ## - Associated place

  • Country: Polska

370 ## - Associated place

  • Residence/HQ: Szczytno (woj. warmińsko-mazurskie)

370 ## - Associated place

  • Residence/HQ: Olsztyn (woj. warmińsko-mazurskie)

372 ## - Field of activity

  • Field: Samorząd terytorialny

372 ## - Field of activity

  • Field: Starostwa powiatowe

372 ## - Field of activity

  • Field: Dziennikarstwo radiowe

373 ## - Associated Group

  • Associated group: Starostwo Powiatowe (Szczytno)

373 ## - Associated Group

  • Associated group: Radio Olsztyn
  • Start period: 1953
  • End period: 1982

374 ## - Occupation

  • Occupation: Urzędniczki i urzędnicy

374 ## - Occupation

  • Occupation: Dziennikarze radiowi

375 ## - Gender

  • Gender: 1
  • Source of term: iso5218

377 ## - Assoc lang

  • Lang code: pol

400 0# - Trop zob. - nazwa osobowa

  • nazwa osobowa (nazwisko, imiona): P. N.

670 ## - Źródło informacji

  • źródło informacji: Artysta znany - człowiek zapomniany Marcin Filipowicz / [Piotr Napiórkowski]. - Olsztyn, 1969.

670 ## - Źródło informacji

  • źródło informacji: Izba Ottona Szulca / P. N. - Olsztyn, [1970].

670 ## - Źródło informacji

  • źródło informacji: Piotr Napiórkowski. Leksykon Kultury Warmii i Mazur online, 24.03.2026
  • adres internetowy: http://leksykonkultury.ceik.eu/index.php/Piotr_Napi%C3%B3rkowski

675 ## - Źródło nie podające informacji

  • wskazanie źródła: BNPol online, [24.03.2026]
Biblioteka Instytutu Północnego, ul. Partyzantów 87, 10-402 Olsztyn, email: biblioteka(at)ip.olsztyn.pl